| 000 -LEADER |
| fixed length control field |
00918cam a2200289 a 4500 |
| 001 - CONTROL NUMBER |
| control field |
15165888 |
| 005 - DATE AND TIME OF LATEST TRANSACTION |
| control field |
20190919050534.0 |
| 008 - FIXED-LENGTH DATA ELEMENTS--GENERAL INFORMATION |
| fixed length control field |
080204s2007 ug ab 000 0 eng |
| 010 ## - LIBRARY OF CONGRESS CONTROL NUMBER |
| LC control number |
2008346145 |
| 020 ## - INTERNATIONAL STANDARD BOOK NUMBER |
| International Standard Book Number |
9789970637096 |
| 040 ## - CATALOGING SOURCE |
| Original cataloging agency |
DLC |
| Transcribing agency |
DLC |
| 042 ## - AUTHENTICATION CODE |
| Authentication code |
lcode |
| 043 ## - GEOGRAPHIC AREA CODE |
| Geographic area code |
f-ug--- |
| 050 00 - LIBRARY OF CONGRESS CALL NUMBER |
| Classification number |
DT433.227 |
| Item number |
.A75 2007 |
| 082 ## - DEWEY DECIMAL CLASSIFICATION NUMBER |
| Classification number |
OA6x6761 |
| 100 1# - MAIN ENTRY--PERSONAL NAME |
| Personal name |
Asiimwe, Agnes. |
| 9 (RLIN) |
10733 |
| 245 10 - TITLE STATEMENT |
| Title |
Uganda the pearl : |
| Remainder of title |
a photographic journey. |
| 260 ## - PUBLICATION, DISTRIBUTION, ETC. (IMPRINT) |
| Place of publication, distribution, etc |
Kampala : |
| Name of publisher, distributor, etc |
Tourguide Publications, |
| Date of publication, distribution, etc |
c2007. |
| 300 ## - PHYSICAL DESCRIPTION |
| Extent |
241 p. : |
| Other physical details |
col. ill., col. map ; |
| Dimensions |
29 cm. |
| 500 ## - GENERAL NOTE |
| General note |
Cover title. |
| 500 ## - GENERAL NOTE |
| General note |
"Writers, Agnes Asiimwe, Angela Nampewo"--P. [2]. |
| 651 #0 - SUBJECT ADDED ENTRY--GEOGRAPHIC NAME |
| Geographic name |
Uganda |
| General subdivision |
Description and travel. |
| 9 (RLIN) |
10734 |
| 651 #0 - SUBJECT ADDED ENTRY--GEOGRAPHIC NAME |
| Geographic name |
Uganda |
| Form subdivision |
Pictorial works. |
| 9 (RLIN) |
10735 |
| 700 1# - ADDED ENTRY--PERSONAL NAME |
| Personal name |
Nampewo, Angela. |
| 9 (RLIN) |
10736 |
| 906 ## - LOCAL DATA ELEMENT F, LDF (RLIN) |
| a |
7 |
| b |
cbc |
| c |
origode |
| d |
3 |
| e |
ncip |
| f |
20 |
| g |
y-gencatlg |
| 955 ## - COPY-LEVEL INFORMATION (RLIN) |
| Copy information and material description, CCAL + MDES (RLIN) |
wn15 2008-02-04 to SSCD |
| Classification number, CCAL (RLIN) |
lk00 2008-04-25 |